| 000 | 00668nam a22001937a 4500 | ||
|---|---|---|---|
| 999 |
_c6029 _d6029 |
||
| 003 | AR-CdUCM | ||
| 008 | 190313b ||||| |||| 00| 0 spa d | ||
| 040 |
_aMUNICIPALIDAD PROVINCIAL DEL CUSCO _cBIBLIOTECA MUNICIPAL DEL CUSCO |
||
| 082 |
_a869.56 / _bV287 |
||
| 100 |
_aVarallanos, José _91884 |
||
| 245 | _aEl caudal de los años / | ||
| 260 |
_aLIma : _bAndimar; _c1972. |
||
| 300 |
_a374 páginas ; _c25 cm. |
||
| 505 | _aContenido: El hombre del ande que asesino a su esperanza -- de las montañas iluminadas -- Ciencia de la paloma y el trébol... | ||
| 650 |
_aPoesía peruana _917610 |
||
| 650 |
_asiglo XX _9556 |
||
| 942 |
_2ddc _cLIBROS |
||
| 945 | _aJavier | ||